Punjabi century, 1857-1947 / (Record no. 19812)

MARC details
000 -LEADER
fixed length control field 00775cam a22002531 4500
001 - CONTROL NUMBER
control field 1704100
003 - CONTROL NUMBER IDENTIFIER
control field BDDh-ASL
005 - DATE AND TIME OF LATEST TRANSACTION
control field 20231015025817.0
008 - FIXED-LENGTH DATA ELEMENTS--GENERAL INFORMATION
fixed length control field 690307s1968 caub 000 0 eng
010 ## - LIBRARY OF CONGRESS CONTROL NUMBER
LC control number 68025959
040 ## - CATALOGING SOURCE
Original cataloging agency DLC
Transcribing agency DLC
Modifying agency DLC
-- BDDh-ASL
043 ## - GEOGRAPHIC AREA CODE
Geographic area code a-ii---
-- a-pk---
050 00 - LIBRARY OF CONGRESS CALL NUMBER
Classification number DS485.P19
Item number T3 1968
082 00 - DEWEY DECIMAL CLASSIFICATION NUMBER
Classification number 309.1545
Item number TAP
100 1# - MAIN ENTRY--PERSONAL NAME
Personal name Tandon, Prakash.
245 10 - TITLE STATEMENT
Title Punjabi century, 1857-1947 /
Statement of responsibility, etc. With a foreword by Maurice Zinkin.
260 ## - PUBLICATION, DISTRIBUTION, ETC.
Place of publication, distribution, etc. Berkeley :
Name of publisher, distributor, etc. University of California Press,
Date of publication, distribution, etc. 1968.
300 ## - PHYSICAL DESCRIPTION
Extent 274 p. :
Other physical details map.
Dimensions 20 cm.
350 ## - PRICE (NR) (BK AM CF MU VM SE) [OBSOLETE]
Price 2.75
500 ## - GENERAL NOTE
General note Sequel: Beyond Punjab, 1937-1960.
651 #0 - SUBJECT ADDED ENTRY--GEOGRAPHIC NAME
Geographic name Punjab (India)
General subdivision Social life and customs.
906 ## - LOCAL DATA ELEMENT F, LDF (RLIN)
a 7
b cbc
c orignew
d u
e ncip
f 19
g y-gencatlg
942 ## - ADDED ENTRY ELEMENTS (KOHA)
Source of classification or shelving scheme Dewey Decimal Classification
Koha item type Books
Holdings
Withdrawn status Lost status Source of classification or shelving scheme Damaged status Not for loan Collection code Home library Current library Shelving location Date acquired Source of acquisition Total Checkouts Full call number Barcode Date last seen Copy number Price effective from Koha item type Public note
    Dewey Decimal Classification   Not For Loan Non-fiction Asiatic Society Library Asiatic Society Library Ludden Collection 12/19/2020 Donated by Prof. David Ludden   309.1545 TAP 103197 12/19/2020 C-1 12/19/2020 Books RARE

Powered by Koha